Ark Survival Evolved : All alpha creatures - Statistics

General Stats
  • This quiz has been taken 56 times
  • The average score is 7 of 9
Answer Stats
Answer % Correct
Alpha Rex
100%
Alpha Raptor
98%
Alpha Carno
96%
Alpha Megalodon
75%
Alpha Mosasaurus
75%
Alpha Tusoteuthis
63%
Alpha Fire Wvyern
56%
Alpha Leedsichthys
54%
Alpha Deathworm
42%
No matching quizzes found
Score Distribution
Percent of People with Each Score
Percentile by Number Answered
Your Score History
You have not taken this quiz